La crítica de las tradiciones versus la hipótesis documentaria : (Registro nro. 68208)
[ vista simple ]
| 000 -LÍDER | |
|---|---|
| Campo fijo de descripción fija | 01666nab a2200205 i 4500 |
| 001 - NÚMERO DE CONTROL | |
| Campo de control | 768714001 |
| 003 - IDENTIFICADOR DEL NÚMERO DE CONTROL | |
| Campo de control | CO-MdFUSB |
| 005 - FECHA Y HORA DE LA ULTIMA TRANSACCIÓN | |
| control field | 20230111084515.0 |
| 008 - ELEMENTOS DE LONGITUD FIJA -- INFORMACIÓN GENERAL | |
| Campo fijo de descripción fija -- Información general | 220926s1993 gt ||||| |||| 00| 0 spa d |
| 040 ## - FUENTE DE CATALOGACIÓN | |
| Idioma de catalogación | spa |
| Agencia que realiza la transcripción | CO-MdFUSB |
| Agencia que realiza la modificación | CO-MdFUSB |
| 041 ## - CÓDIGO DE IDIOMA | |
| Código de idioma para texto/pista de sonido o título separado | spa |
| 100 ## - ASIENTO PRINCIPAL--NOMBRE PERSONAL | |
| Nombre personal | Williams, Gary |
| Término relacionador | autor |
| 245 13 - TÍTULO | |
| Título | La crítica de las tradiciones versus la hipótesis documentaria : |
| Subtitulo | reseña de Rolf Rendtorff, the problem of the process of trasmission in the pentateuch |
| Mención de responsabilidad | / Gary R. Williams |
| 300 ## - DESCRIPCIÓN FÍSICA | |
| Extensión | Número 12 (Enero - Junio, 1993), Páginas 83-87 |
| Dimensiones | ; 21 cm. |
| 520 ## - NOTA DE RESUMEN, ETC. | |
| Nota de sumario, etc. | Esta breve pero importante obra fue publicada originalmente en 1977 en alemán . Como el título original indica, el libo se trata de la transmisión no del texto del Pentateuco, sino de sus tradiciones. Es decir, su tema no es la crítica textual, sino la historia de las tradiciones.<br/>Siguiendo las metodologías de las criticas de las formas y de las tradiciones, Rendtoff procura describir el proceso por el cual, según él, las unidades literarias más pequeñas del Pentateuco fueron unidas en colecciones pequeñas, fueron estas colecciones fueron combinadas en unidades más grandes, y finalmente tomó forma el pentateuco como unidad completa, tal como lo conocemos hoy día. Las conclusiones a las cuales el autor llega rompen con los esquemas generalmente aceptados hoy día en los estudios críticos. |
| 650 #7 - ASIENTO SECUNDARIO DE MATERIA - TERMINO TEMÁTICO | |
| 9 (RLIN) | 483 |
| Término temático o nombre geográfico como elemento de entrada | Biblia |
| Subdivisión general | Crítica textual |
| 773 0# - ASIENTO DE ITEM FUENTE | |
| Biblionumber | 49489 |
| Itemnumber | 61206 |
| Otro identificador del ítem | R0034 |
| Título | Kairós |
| Número Internacional Normalizado para Publicaciones Seriadas (ISSN) | 1014-9341 |
| Parte(s) relacionada(s) / Volumen., número. (mes año), páginas | Número 12 (Enero - Junio, 1993), Páginas 83-87 |
| Enumeración y primera página | Páginas 83 |
| 773 0# - ASIENTO DE ITEM FUENTE | |
| Biblionumber | 49489 |
| Itemnumber | 81308 |
| Parte(s) relacionada(s) / Volumen., número. (mes año), páginas | Número 12 (Enero - Junio, 1993), Páginas 83-87 |
| Enumeración y primera página | Páginas 83 |
| Título | Kairós |
| 942 ## - TIPO DE MATERIAL (KOHA) | |
| Tipo de Item KOHA | Artículos de Revista |
No hay ítems disponibles.
